| 000 | 01106nam a22002777a 4500 | ||
|---|---|---|---|
| 003 | URS | ||
| 005 | 20251023103648.0 | ||
| 008 | 250904b ||||| |||| 00| 0 eng d | ||
| 040 | _cURS | ||
| 245 |
_aRejection Sensitivity and Self-Esteem of Online Dating Applications Users _bMa. Aurea M. Dela Vega ... et al... |
||
| 260 | _cNovember 2024 | ||
| 300 |
_a104 pages.,: _billustrations ; _c28cm. |
||
| 336 |
_2rdacontent _aText |
||
| 337 |
_2rdamedia _aunmediated |
||
| 338 |
_2rdacarrier _avolume |
||
| 502 |
_aThesis _bCollege of Science _cUniversity of Rizal System-Morong _d2024 |
||
| 700 |
_aMa. Aurea M. Dela Vega _eAuthor |
||
| 700 |
_aWren Addison Ds. Vocal _eAuthor |
||
| 700 |
_aFranz Jerome N. Viray _eAuthor |
||
| 700 |
_aSherbby P. Mazo _eAuthor |
||
| 700 |
_aKimberly P. Ciocson _eAuthor |
||
| 700 |
_aAlfonso, Czarina Ann B. _edegree supervisor |
||
| 856 |
_3Link to View Online _uhttps://drive.google.com/drive/folders/10Xrjv5iKCh0t1MYryFHiNDJPvuiblRK8?usp=drive_link |
||
| 856 | _uhttps://drive.google.com/file/d/1eUinhqcXKGwFTfoQQI_jrX5q7aigJ176/view?usp=drive_link | ||
| 942 |
_2lcc _cT |
||
| 999 |
_c85901 _d85899 |
||